000 00535nam a2200193 u 4500
001 000227428
003 AM-YeHGA
005 20250617124504.0
008 030521s1998 ai |||||r|||||000|1|arm|d
040 _aAM-YeHGA
041 0 _aarm
100 1 _aՂազարյան, Արսեն Սուրենի
245 1 0 _aՎեհացում դեպի Մհեր /
_cԱ.Ս. Ղազարյան.
260 _aԵրևան :
_bՀելիոս,
_c1998.
300 _a72 էջ
650 1 4 _aՀայ գրականություն
942 _2udc
_cBK
090 _c81258
999 _c79991
_d79991